Understanding the Lord's Supper/ (Record no. 8732)
[ view plain ]
| 000 -LEADER | |
|---|---|
| fixed length control field | 01021nam a22002057a 4500 |
| 003 - CONTROL NUMBER IDENTIFIER | |
| control field | GBCCL |
| 005 - DATE AND TIME OF LATEST TRANSACTION | |
| control field | 20241126110657.0 |
| 008 - FIXED-LENGTH DATA ELEMENTS--GENERAL INFORMATION | |
| fixed length control field | 210922b ||||| |||| 00| 0 eng d |
| 020 ## - INTERNATIONAL STANDARD BOOK NUMBER | |
| International Standard Book Number | 9781433688959 |
| 020 ## - INTERNATIONAL STANDARD BOOK NUMBER | |
| International Standard Book Number | 1433688956 |
| 040 ## - CATALOGING SOURCE | |
| Transcribing agency | GBC |
| 082 ## - DEWEY DECIMAL CLASSIFICATION NUMBER | |
| Classification number | 262 |
| Item number | CHU |
| 245 ## - TITLE STATEMENT | |
| Title | Understanding the Lord's Supper/ |
| Statement of responsibility, etc. | Bobby Jamieson |
| 260 ## - PUBLICATION, DISTRIBUTION, ETC. | |
| Place of publication, distribution, etc. | Nashville, Tennessee : |
| Name of publisher, distributor, etc. | B & H Publishing Group, |
| Date of publication, distribution, etc. | [2016] |
| 300 ## - PHYSICAL DESCRIPTION | |
| Extent | vi, 70 pages ; |
| Dimensions | 18 cm |
| 440 ## - SERIES STATEMENT/ADDED ENTRY--TITLE | |
| Title | Church basics |
| 9 (RLIN) | 15402 |
| 505 ## - FORMATTED CONTENTS NOTE | |
| Formatted contents note | Part 1: Snapshots: Takeout --<br/>Sealed in blood --<br/>The right company --<br/>Come together --<br/>Best for last --<br/>Part 2: Spelling out the sign --<br/>What is the Lord's supper? --<br/>What does the Lord's supper make us? --<br/>Part 3: Meal planning --<br/>What gathering may celebrate the Lord's supper? --<br/>Who may participate in the Lord's supper? --<br/>Who should lead the Lord's supper? --<br/>How should churches celebrate the Lord's supper? --<br/>How should individuals approach the Lord's supper? |
| 650 ## - SUBJECT ADDED ENTRY--TOPICAL TERM | |
| Topical term or geographic name entry element | Lord's Supper. |
| 9 (RLIN) | 2158 |
| 942 ## - ADDED ENTRY ELEMENTS (KOHA) | |
| Source of classification or shelving scheme | Dewey Decimal Classification |
| Koha item type | Books |
| Koha issues (borrowed), all copies | 4 |
| Withdrawn status | Lost status | Source of classification or shelving scheme | Damaged status | Not for loan | Home library | Current Library | Shelving location | Date acquired | Total checkouts | Full call number | Barcode | Date last seen | Date last checked out | Copy number | Price effective from | Koha item type |
|---|---|---|---|---|---|---|---|---|---|---|---|---|---|---|---|---|
| Dewey Decimal Classification | GRACE BIBLE COLLEGE | GRACE BIBLE COLLEGE | Ministry & Mission | 2021-09-22 | 2 | 262 CHU | 015184 | 2025-05-01 | 2024-08-26 | c.1 | 2021-09-22 | Books | ||||
| Dewey Decimal Classification | GRACE BIBLE COLLEGE | GRACE BIBLE COLLEGE | Ministry & Mission | 2024-02-05 | 1 | 262 CHU | 016105 | 2025-05-01 | 2024-07-22 | c.2 | 2024-02-05 | Books | ||||
| Dewey Decimal Classification | GRACE BIBLE COLLEGE | GRACE BIBLE COLLEGE | Ministry & Mission | 2024-02-05 | 1 | 262 CHU | 016106 | 2025-05-01 | 2024-08-28 | c.3 | 2024-02-05 | Books |